Statistiken für Satellitenbilder #1

Klicken Sie hier um das Quiz zu spielen!

Allgemein

  • Dieses Quiz wurde 3.118 mal gespielt
  • Das Durchschnittsergebnis liegt bei 13 aus 17

Antwortstatistiken

Antwort% Korrekt
Island
98%
Italien
98%
Mexiko
98%
Australien
95%
Zypern
88%
Kuba
86%
Madagaskar
86%
Dänemark
85%
Philippinen
84%
Schwarzes Meer
77%
Himalaya
75%
Rotes Meer
75%
Michigan
74%
Washington
72%
Karibisches Meer
71%
San Francisco
36%
Niederkalifornien
32%

Verteilung der Resultate

Perzentil nach korrekt beantworteten Fragen

Anzahl Personen mit jedem Resultat

Ihre Resultats-Entwicklung

Sie haben dieses Quiz noch nicht gespielt